Statistics for Science General Knowledge - 2

Click here to take the quiz!

General Stats

  • This quiz has been taken 170 times
  • The average score is 6 of 15

Answer Stats

HintAnswer% Correct
What is the heaviest organ in the body?Liver
82%
What is the next closest galaxy to us?Andromeda
76%
What is the only disease to have been fully eradicated?Small pox
68%
Dry ice is a frozen form of what gas?CO2
63%
Who is the first person in space?Yuri Gagarin
51%
What are the first 6 digits of pi?3.14159
47%
What protein is rhinocerous horns made from?Keratin
47%
What is the scientific theory describing the larhe scale motion of seven large plates that make up the Earth?Plate tectonics
34%
What is the symbol for antimony?Sb
32%
What is the name for the closest layer of atmosphere to the Earth?Troposphere
31%
What is the smallest bird?Bee hummingbird
22%
What si unit is used to measure luminosity?Candela
15%
Who invented the world wide web?Sir Tim Berners Lee
11%
What is the name of the red and white spotted mushroom often depicted in cartoons?Fly agaric
8%
What is the group name for the 4 largest moons of Jupiter?Gallilean moons
8%

Score Distribution

Percentile by Number Answered

Percent of People with Each Score

Your Score History

You have not taken this quiz